logo

Bir Sreshtho Munshi Abdur Rouf Library
Jhenaidah Cadet College

Human society / (Record no. 8485)

MARC details
000 -LEADER
fixed length control field 00727nam a2200265 a 4500
001 - CONTROL NUMBER
JCCL Control Number 8485
003 - CONTROL NUMBER IDENTIFIER
JCCL marc code BD-JhCC
005 - DATE AND TIME OF LATEST TRANSACTION
control field 20181003174422.0
008 - FIXED-LENGTH DATA ELEMENTS--GENERAL INFORMATION
fixed length control field 180225s1974 nyu b 001 0 eng d
035 ## - SYSTEM CONTROL NUMBER
system control number (BD-JhCC)8485
040 ## - CATALOGING SOURCE
Original cataloging agency BD-JhCC
Transcribing agency WSU
Modifying agency BD-JhCC
-- SER
-- EQO
041 ## - LANGUAGE CODE
Language code of Book eng
050 #0 - LIBRARY OF CONGRESS CALL NUMBER
Classification number HM51
Item number .D37 1949
082 ## - DEWEY DECIMAL CLASSIFICATION NUMBER
Classification number 301
Author mark and Year HAM 1974
100 ## - MAIN ENTRY--PERSONAL NAME
Personal name Hambiling, Christine
245 10 - TITLE STATEMENT
Title Human society /
Statement of responsibility, etc Christine Hambiling and Pauling Matthews
260 ## - PUBLICATION, DISTRIBUTION, ETC. (IMPRINT)
Place of publication, distribution, etc New York :
Name of publisher, distributor, etc Macmillan Co,
Date of publication, distribution, etc 1974.
300 ## - PHYSICAL DESCRIPTION
Pagination xiv, 287 p. ;
Dimensions 24 cm
Other physical details ill. ;
504 ## - BIBLIOGRAPHY, ETC. NOTE
Bibliography, etc Includes Index and "References."
650 #0 - SUBJECT ADDED ENTRY--TOPICAL TERM
Topical term or geographic name as entry element Sociology
650 #0 - SUBJECT ADDED ENTRY--TOPICAL TERM
Topical term or geographic name as entry element Social Education
700 ## - ADDED ENTRY--PERSONAL NAME
Personal name Matthews, Pauling
942 ## - ADDED ENTRY ELEMENTS (KOHA)
Source of classification or shelving scheme Dewey Decimal Classification
Koha item type Books
Holdings
Source of classification or shelving scheme Damaged status Not for loan Home library Current library Shelving location Date of accession Total Checkouts Full call number Barcode Date last seen Copy number Koha item type
Dewey Decimal Classification     JCC Rouf Library JCC Rouf Library General Stacks 02/25/2018   301 HUM 1974 10532 02/25/2018 C-1 Books

JCC Library | Contacts | JCC Home

Last Update on 23 September 2017
Copyright @ 2017-2020 JCC Rouf Library
Rouf Library, Jhenidah Cadet College (JCC), Bangladesh